Marszałkowie Sejmu RP - Statystyki

Ogólne statystyki
  • Ten quiz został rozwiązany 80 razy
  • Średni wynik to 10 z 17
Statystyki odpowiedzi
Kadencja Sejmu Marszałek % Poprawnych
marszałek VIII i IX kadencji (2018-teraz) Elżbieta Witek
91%
marszałek VIII kadencji (2015-2019) Marek Kuchciński
79%
marszałek VI kadencji (2007-2010) Bronisław Komorowski
77%
marszałek VII kadencji (2011-2014) Ewa Kopacz
73%
marszałek VII kadencji (2015-2015) Małgorzata Kidawa Błońska
68%
marszałek VII kadencji (2014-2015) Radosław Sikorski
68%
marszałek VI kadencji i VII kadencji (2010-2011) Grzegorz Schetyna
59%
marszałek II kadencji (1995-1997) Józef Zych
59%
marszałek II kadencji (1993-1995) Józef Oleksy
55%
marszałek IV kadencji (2001-2004) Marek Borowski
55%
marszałek V kadencji (2007-2007) Ludwik Dorn
54%
marszałek V kadencji (2005-2007) Marek Jurek
54%
marszałek sejmu X kadencji sejmu PRL (1989-1991) Mikołaj Kozakiewicz
54%
marszałek I kadencji (1991-1993) Wiesław Chrzanowski
52%
marszałek IV kadencji (2004-2005) Józef Oleksy
50%
marszałek III kadencji (1997-2001) Maciej Płażyński
50%
marszałek IV kadencji (2005-2005) Włodzimierz Cimoszewicz
48%
Nie znaleziono quizów pasujących do podanych kryteriów
Rozkład punktacji
Procent ludzi z każdym wynikiem
Percentyl według liczby udzielonych odpowiedzi
Twoja historia wyników
Nie rozwiązałeś tego quizu